000 01260nam a22002057a 4500
999 _c53653
_d53653
005 20251125233027.0
008 s2550 th tha d
040 _aNALT
041 _atha
090 _aIS 2/2550 26
100 0 _aจุฑามาศ สมากิจวิไลกุล
_97461
245 1 0 _aการเพิ่มประสิทธิภาพการปฏิบัติงานของบุคลากรประจำคณะกรรมาธิการการสวัสดิการสังคม /
_cจุฑามาศ สมากิจวิไลกุล
246 3 0 _aเอกสารวิชาการกรณีศึกษาส่วนบุคคล
260 _aกรุงเทพฯ :
_bรัฐสภา,
_c2550
300 _a42 หน้า ;
_c30 ซม.
610 2 4 _911138
_aสำนักงานเลขาธิการสภาผู้แทนราษฎร.
_bสำนักกรรมาธิการ.
_bกลุ่มงานคณะกรรมาธิการการสวัสดิการสังคม
_xการปฏิบัติงาน
850 _aNALT
856 4 0 _uhttps://hdl.handle.net/20.500.14156/18361
942 _cIS
_2local